000 00727nam a2200229Ia 4500
005 20220706152030.0
008 131103s9999 xx 000 0 und d
020 _a761998276
_cRs 295
040 _aLoreto College
041 _aEnglish
082 _a305.5
_bSIN
100 _aSinghaRoy, Debal K.
245 _aPeasant movements in post-colonial India
_b Dynamics of mobilization and identity
_cDebal K. SinghaRoy
260 _aNew Delhi
_bSage Publications
_c2004
300 _a275p
_b tables, graphs, charts
504 _aIncludes bibliography and index
630 _aPeasantry, Social Conditions
650 _aSocial Movements, Peasantry
651 _aPeasantry, Political Activity
850 _aLCLIB
942 _cBK
999 _c8024
_d58503